[Event "Hamburg HSK Easter op"]
[Site "Hamburg"]
[Date "2024.03.31"]
[Round "6"]
[White "Woelk, Tom Frederic"]
[Black "Popvasilev, Kalojan"]
[Result "1/2-1/2"]
[WhiteElo "2351"]
[BlackElo "2242"]
[PlyCount "126"]
[EventDate "2024.03.29"]
[EventType "swiss"]
[EventRounds "7"]
[EventCountry "GER"]
[SourceTitle "CB18_2024"]
[SourceDate "2024.05.01"]
[SourceVersion "1"]
[SourceVersionDate "2024.05.01"]
[SourceQuality "2"]

1. e4 c5 2. Nf3 d6 3. d4 Nf6 4. Nc3 cxd4 5. Nxd4 Nc6 6. Bg5 e6 7. Qd2 a6 8. 0-0-0 Bd7 9. Kb1 Be7 10. f3 Nxd4 11. Qxd4 Qc7 12. h4 b5 13. Qd2 b4 14. Ne2 a5 15. c4 a4 16. Nd4 Qa5 17. g4 0-0 18. Be3 Rfc8 19. g5 Nh5 20. Qf2 g6 21. Bd3 Rab8 22. f4 e5 23. fxe5 dxe5 24. Rhf1 Rf8 25. Nb5 Be6 26. Qh2 Rfd8 27. Be2 Nf4 28. Bxf4 exf4 29. Qxf4 b3 30. a3 Qb6 31. Rd5 Bf8 32. Bg4 Bxd5 33. exd5 Bg7 34. d6 Qc5 35. d7 Kh8 36. Re1 Rf8 37. Nd6 f5 38. gxf6 Bxf6 39. Nf7+ Kg7 40. Qh6+ Kxf7 41. Qxh7+ Bg7 42. Rf1+ Ke7 43. Qxg7+ Kd6 44. Rd1+ Kc6 45. Qxg6+ Kc7 46. Qe4 Rf6 47. h5 Rd6 48. Qf4 Rf8 49. Qh2 Kc6 50. Rxd6+ Qxd6 51. Qxd6+ Kxd6 52. Kc1 Kc7 53. h6 Rh8 54. Kd2 Rxh6 55. Kc3 Rh4 56. Bf5 Rf4 57. Be6 Rf2 58. c5 Rc2+ 59. Kb4 Re2 60. Bd5 Rd2 61. d8Q+ Kxd8 62. Bc6 Rxb2 63. Bxa4 Kc7 1/2-1/2

[Event "Hamburg HSK Easter op"]
[Site "Hamburg"]
[Date "2024.03.29"]
[Round "2"]
[White "Rogozenco, Teodora Nana"]
[Black "Popvasilev, Kalojan"]
[Result "0-1"]
[WhiteElo "1985"]
[BlackElo "2242"]
[PlyCount "62"]
[EventDate "2024.03.29"]
[EventType "swiss"]
[EventRounds "7"]
[EventCountry "GER"]
[SourceTitle "CB18_2024"]
[SourceDate "2024.05.01"]
[SourceVersion "1"]
[SourceVersionDate "2024.05.01"]
[SourceQuality "2"]

1. d4 Nf6 2. c4 g6 3. Nc3 Bg7 4. e4 d6 5. f3 0-0 6. Be3 Na6 7. Qd2 c5 8. Nge2 cxd4 9. Nxd4 Nc5 10. Be2 Ne6 11. Nc2 Bd7 12. 0-0 h5 13. f4 Nc5 14. Bf3 Bc6 15. e5 Nfe4 16. Nxe4 Nxe4 17. Qd3 Nc5 18. Qa3 Bxf3 19. Rxf3 b6 20. Rd1 Nb7 21. f5 Bxe5 22. Bd4 Qc7 23. Bxe5 dxe5 24. fxg6 fxg6 25. Rg3 Kg7 26. Ne3 e6 27. Qd3 Rf6 28. Qe4 Rd8 29. Rxd8 Nxd8 30. Qh4 Qc5 31. Qxh5 Qxe3+ 0-1

[Event "Kiel op 35th"]
[Site "Kiel"]
[Date "2023.07.30"]
[Round "4"]
[White "Pirtac, Alexandru"]
[Black "Popvasilev, Kalojan"]
[Result "0-1"]
[WhiteElo "1848"]
[BlackElo "2203"]
[PlyCount "36"]
[EventDate "2023.07.29"]
[EventType "swiss"]
[EventRounds "9"]
[EventCountry "GER"]
[SourceTitle "CBM 215 Extra"]
[Source "ChessBase"]
[SourceDate "2023.09.30"]
[SourceVersion "1"]
[SourceVersionDate "2023.09.30"]
[SourceQuality "1"]

1. e4 c5 2. Nf3 d6 3. d4 Nf6 4. Nc3 cxd4 5. Nxd4 Nc6 6. f3 e5 7. Nb3 Be7 8. Be3 0-0 9. Qd2 a5 10. a4 Nb4 11. Bc4 Qc7 12. Be2 Be6 13. g4 d5 14. exd5 Nfxd5 15. h4 Nxe3 16. Rc1 Ng2+ 17. Kf1 Rfd8 18. Bd3 Nf4 0-1

[Event "Davos Challenge op"]
[Site "Davos"]
[Date "2022.06.04"]
[Round "3"]
[White "Popvasilev, Kalojan"]
[Black "Peng, Li Min"]
[Result "0-1"]
[WhiteElo "2192"]
[BlackElo "2503"]
[PlyCount "82"]
[EventDate "2022.06.03"]
[EventType "swiss"]
[EventRounds "7"]
[EventCountry "SUI"]
[SourceTitle "CBM 208 Extra"]
[Source "ChessBase"]
[SourceDate "2022.07.31"]
[SourceVersion "1"]
[SourceVersionDate "2022.07.31"]
[SourceQuality "1"]

1. e4 e6 2. d4 d5 3. Nd2 Nc6 4. Ngf3 Nf6 5. e5 Nd7 6. Bd3 f6 7. exf6 Qxf6 8. Nf1 Bd6 9. Ne3 Nb4 10. 0-0 Nxd3 11. Qxd3 0-0 12. c4 c6 13. Bd2 b6 14. b4 Qf7 15. c5 bxc5 16. bxc5 Bc7 17. Ng4 Qf5 18. Qxf5 exf5 19. Nge5 Nxe5 20. Nxe5 Bxe5 21. dxe5 d4 22. Rfd1 Rd8 23. Ba5 Rd5 24. Bc7 d3 25. Bd6 Kf7 26. f3 Rd4 27. Kf2 Ba6 28. Rd2 Ke6 29. Rb1 Ra4 30. Rb3 Kd5 31. Ke1 g5 32. Rdb2 g4 33. fxg4 Rxg4 34. Rb4 Rag8 35. Rxg4 Rxg4 36. Rf2 Rb4 37. Rd2 Bc4 38. Kf2 Kd4 39. Bc7 Rb5 40. Bd6 Kc3 41. Ke3 f4+ 0-1

[Event "Reykjavik Kvika op"]
[Site "Reykjavik"]
[Date "2022.04.12"]
[Round "9"]
[White "Baskin, Robert"]
[Black "Popvasilev, Kalojan"]
[Result "1-0"]
[WhiteElo "2393"]
[BlackElo "2191"]
[PlyCount "107"]
[EventDate "2022.04.06"]
[EventType "swiss"]
[EventRounds "9"]
[EventCountry "ISL"]
[SourceTitle "CBM 207 Extra"]
[Source "ChessBase"]
[SourceDate "2022.05.31"]
[SourceVersion "1"]
[SourceVersionDate "2022.05.31"]
[SourceQuality "1"]

1. e4 c5 2. Nf3 d6 3. d4 Nf6 4. Nc3 cxd4 5. Nxd4 Nc6 6. Bg5 e6 7. Qd2 a6 8. 0-0-0 Bd7 9. f3 Be7 10. h4 h6 11. Be3 h5 12. Nxc6 Bxc6 13. Kb1 Rc8 14. Ne2 d5 15. e5 Nd7 16. f4 b5 17. Nd4 Nc5 18. Qe1 g6 19. Be2 Bd7 20. g4 hxg4 21. Bxg4 Rxh4 22. Rxh4 Bxh4 23. Qh1 Ne4 24. Qg2 Qa5 25. Bxe6 Bxe6 26. Nxe6 Qb4 27. a3 Nc3+ 28. Ka1 Qe4 29. Qxe4 Nxe4 30. Nd4 Bf2 31. Bxf2 Nxf2 32. Rf1 Ne4 33. Rh1 Ke7 34. Rh6 Ng3 35. c3 Rg8 36. Rh7 Nh5 37. f5 Nf4 38. e6 gxf5 39. Rxf7+ Kd6 40. Ra7 Ke5 41. e7 Ne6 42. Rd7 Re8 43. Nc6+ Ke4 44. Nd8 Ke5 45. Nc6+ Ke4 46. Rd6 Nc7 47. Rf6 f4 48. Kb1 Ke3 49. Kc2 b4 50. axb4 f3 51. Nd4 Nb5 52. Nf5+ Ke2 53. Rf8 Nc7 54. Nd4+ 1-0

[Event "Reykjavik Kvika op"]
[Site "Reykjavik"]
[Date "2022.04.08"]
[Round "4"]
[White "Popvasilev, Kalojan"]
[Black "Herrera, Diego"]
[Result "1-0"]
[WhiteElo "2191"]
[BlackElo "1832"]
[PlyCount "65"]
[EventDate "2022.04.06"]
[EventType "swiss"]
[EventRounds "9"]
[EventCountry "ISL"]
[SourceTitle "CBM 207 Extra"]
[Source "ChessBase"]
[SourceDate "2022.05.31"]
[SourceVersion "1"]
[SourceVersionDate "2022.05.31"]
[SourceQuality "1"]

1. e4 c5 2. Nf3 d6 3. d4 cxd4 4. Nxd4 Nf6 5. Nc3 g6 6. f4 Nc6 7. Nxc6 bxc6 8. e5 Nd7 9. exd6 exd6 10. Be3 Qe7 11. Qd2 Bg7 12. 0-0-0 0-0 13. Bd4 d5 14. Bxg7 Kxg7 15. Be2 Nf6 16. Bf3 Rb8 17. b3 Qa3+ 18. Kb1 Bf5 19. Ka1 a5 20. h3 a4 21. Qc1 Qb4 22. Nxa4 Ra8 23. Qb2 Qxf4 24. Rhf1 Qg3 25. Bg4 Rxa4 26. bxa4 Rb8 27. Rf3 Qd6 28. Qc3 Be4 29. Rf2 h5 30. Bf3 Rb4 31. Bxe4 Rxe4 32. Rdf1 Re6 33. Rxf6 1-0

[Event "Plovdiv Round Table U21 op"]
[Site "Plovdiv"]
[Date "2021.10.03"]
[Round "9"]
[White "Bashirli, Nail Qoshqar"]
[Black "Popvasilev, Kalojan"]
[Result "1-0"]
[WhiteElo "2382"]
[BlackElo "2132"]
[PlyCount "57"]
[EventDate "2021.09.26"]
[EventType "swiss"]
[EventRounds "9"]
[EventCountry "BUL"]
[SourceTitle "CBM 204 Extra"]
[Source "ChessBase"]
[SourceDate "2021.11.30"]
[SourceVersion "1"]
[SourceVersionDate "2021.11.30"]
[SourceQuality "1"]

1. e4 c5 2. Nc3 Nc6 3. Nf3 d6 4. d4 cxd4 5. Nxd4 Nf6 6. Bg5 e6 7. Qd2 a6 8. 0-0-0 Bd7 9. f4 b5 10. Nf3 b4 11. Bxf6 gxf6 12. Ne2 h5 13. Kb1 Qb6 14. f5 e5 15. Qe1 a5 16. Nd2 Qe3 17. Qh4 Be7 18. Nc4 Qc5 19. Nxd6+ Bxd6 20. Qxf6 Bf8 21. Qxh8 a4 22. Rd5 Qe3 23. Rxe5+ Nxe5 24. Qxe5+ Kd8 25. Nc1 a3 26. Qd5 Ra7 27. Bb5 Bg7 28. Rd1 axb2 29. Nb3 1-0

[Event "Bayern-chI Bank Hofmann 22nd"]
[Site "Tegernsee"]
[Date "2018.10.27"]
[Round "1"]
[White "Hess, Max"]
[Black "Popvasilev, Kalojan"]
[Result "1-0"]
[WhiteElo "2326"]
[BlackElo "2080"]
[PlyCount "105"]
[EventDate "2018.10.27"]
[EventType "swiss"]
[EventRounds "9"]
[EventCountry "GER"]
[SourceTitle "CBM 187 Extra"]
[Source "ChessBase"]
[SourceDate "2018.11.04"]
[SourceVersion "1"]
[SourceVersionDate "2018.11.04"]
[SourceQuality "1"]

1. c4 e6 2. Nf3 Nf6 3. e3 d5 4. b3 c6 5. Bb2 Bd6 6. Nc3 0-0 7. Qc2 Na6 8. a3 b6 9. g4 Re8 10. g5 Nd7 11. cxd5 exd5 12. Nd4 c5 13. Nf5 Ne5 14. 0-0-0 Nc7 15. f4 Nc6 16. Nxg7 Kxg7 17. Nxd5+ Be5 18. Nxc7 Qxc7 19. fxe5 Be6 20. Bc4 Rac8 21. h4 Na5 22. h5 b5 23. Bxe6 Rxe6 24. Rdf1 c4 25. b4 Nb3+ 26. Kb1 Nxd2+ 27. Qxd2 c3 28. h6+ Kg8 29. Bxc3 Qxc3 30. Qxc3 Rxc3 31. Rc1 Rc4 32. Rxc4 bxc4 33. Rd1 Kf8 34. Rd8+ Ke7 35. Rh8 Rxe5 36. Rxh7 Rxg5 37. Rh8 Rh5 38. Kc2 a5 39. bxa5 Rxa5 40. h7 Rh5 41. a4 Kf6 42. Kc3 Kg7 43. Rc8 Kxh7 44. Rxc4 Kg6 45. Kb4 Rh3 46. e4 Kf6 47. a5 Ke5 48. a6 Rh8 49. Ka5 f5 50. exf5 Kd5 51. Rb4 Kc6 52. a7 Kc7 53. Rb8 1-0

[Event "Blankenese op 2nd"]
[Site "Hamburg"]
[Date "2018.10.01"]
[Round "5.8"]
[White "Popvasilev, Kalojan"]
[Black "Farokhi, Keyvan"]
[Result "1-0"]
[WhiteElo "2080"]
[BlackElo "1855"]
[PlyCount "87"]
[EventDate "2018.09.29"]
[EventType "swiss"]
[EventRounds "7"]
[EventCountry "GER"]
[SourceTitle "EXT 2020"]
[Source "ChessBase"]
[SourceDate "2019.10.17"]
[SourceVersion "1"]
[SourceVersionDate "2019.10.17"]
[SourceQuality "1"]

1. e4 e5 2. Nf3 Nc6 3. Nc3 Nf6 4. Bb5 Bc5 5. 0-0 d6 6. d4 exd4 7. Nxd4 Bd7 8. Bxc6 bxc6 9. Nb3 Bb4 10. Qd3 0-0 11. f3 Be6 12. Bg5 Bxc3 13. bxc3 Qe7 14. Rfe1 c5 15. Qe3 Bxb3 16. axb3 h6 17. Bh4 c6 18. e5 Qxe5 19. Qxe5 dxe5 20. Rxe5 Nd5 21. c4 Nb4 22. c3 Nd3 23. Re3 g5 24. Rxd3 gxh4 25. Rd6 Rfb8 26. Ra3 Rb6 27. Rxh6 Rab8 28. Rxh4 Rxb3 29. Rxa7 Rxc3 30. Rg4+ Kf8 31. h4 Rb1+ 32. Kh2 Rb4 33. Rf4 Rcxc4 34. Rfxf7+ Kg8 35. g4 Rc2+ 36. Kg3 Rbb2 37. Rfc7 Rg2+ 38. Kf4 Rb4+ 39. Kg5 Rb8 40. Rxc6 Rf2 41. f4 Rc2 42. Kh6 Rc4 43. Rg6+ Kf8 44. Kh7 1-0